[Event "IECC Swiss email"]
[Site "IECC email"]
[Date "1999.07.16"]
[Round "?"]
[White "Reid, Andrew V"]
[Black "Magalhaes, Joao Flavio"]
[Result "1-0"]
[WhiteElo "2003"]
[BlackElo "1450"]
[PlyCount "77"]
[EventDate "1999.??.??"]
[EventType "tourn (corr)"]
[EventRounds "6"]
[SourceTitle "Corr 2008"]
[Source "ChessBase"]
[SourceDate "2008.06.24"]
[SourceVersion "1"]
[SourceVersionDate "2008.06.24"]
[SourceQuality "1"]

1. e4 e5 2. Nf3 Nc6 3. Bb5 Nf6 4. 0-0 Nxe4 5. d4 exd4 6. Re1 f5 7. Nxd4 Qf6 8. Bxc6 dxc6 9. f3 Bc5 10. c3 0-0 11. fxe4 fxe4 12. Be3 Be6 13. Nd2 Bd5 14. Nc2 Bxe3+ 15. Rxe3 Qf2+ 16. Kh1 Rad8 17. Re2 Qf5 18. Qg1 b6 19. b3 Qg6 20. Qe1 Rfe8 21. Qg3 Qxg3 22. hxg3 b5 23. Rae1 Re5 24. Nb4 Rde8 25. Na6 Rh5+ 26. Kg1 Rhe5 27. Nxc7 Rc8 28. Na6 Rg5 29. Nxe4 Bxe4 30. Rxe4 Rxg3 31. Re7 Rxc3 32. Rxa7 Kh8 33. Kh2 h6 34. Ree7 Rg8 35. Rec7 h5 36. Rab7 Kh7 37. Nb4 Kh6 38. Rxc6+ Rxc6 39. Nxc6 1-0

[Event "IECG LM.1999.0.00001 email"]
[Site "IECG email"]
[Date "1999.??.??"]
[Round "?"]
[White "Reid, Andrew V"]
[Black "Claridge, John Bleddyn"]
[Result "0-1"]
[WhiteElo "2200"]
[BlackElo "2211"]
[PlyCount "72"]
[EventDate "1999.07.02"]
[EventType "tourn (corr)"]
[EventRounds "14"]
[SourceTitle "Corr 2008"]
[Source "ChessBase"]
[SourceDate "2008.06.24"]
[SourceVersion "1"]
[SourceVersionDate "2008.06.24"]
[SourceQuality "1"]

1. e4 e5 2. Nf3 Nc6 3. Bb5 a6 4. Bxc6 dxc6 5. 0-0 Qd6 6. d4 exd4 7. Nxd4 Bd7 8. Be3 0-0-0 9. Nd2 Nh6 10. Nc4 Qg6 11. f3 f5 12. Ne5 Qf6 13. Nd3 c5 14. Ne2 c4 15. Bd4 Qh4 16. Qe1 Qxe1 17. Nxe1 Rg8 18. e5 g5 19. f4 g4 20. c3 Ba4 21. Be3 Rg6 22. Rb1 Be7 23. b3 Bc6 24. bxc4 Be4 25. Rb2 Rc6 26. Nc2 Rxc4 27. Ncd4 c5 28. Ne6 Rd3 29. Bd2 b5 30. Ng5 Ra4 31. Nc1 Rd8 32. Nxh7 c4 33. Be3 Ra3 34. Ne2 b4 35. Rc1 g3 36. Nxg3 bxc3 0-1

[Event "IECG CM.1999.0.00082"]
[Site "IECG email"]
[Date "1999.??.??"]
[Round "?"]
[White "Reid, Andrew V"]
[Black "Evans, Gordon R"]
[Result "0-1"]
[WhiteElo "2200"]
[BlackElo "2175"]
[PlyCount "90"]
[EventDate "1999.07.02"]
[EventType "tourn (corr)"]
[EventRounds "6"]
[SourceTitle "Corr 2008"]
[Source "ChessBase"]
[SourceDate "2008.06.24"]
[SourceVersion "1"]
[SourceVersionDate "2008.06.24"]
[SourceQuality "1"]

1. e4 e6 2. d4 d5 3. Nd2 Nf6 4. e5 Nfd7 5. Bd3 c5 6. c3 Nc6 7. Ne2 cxd4 8. cxd4 f6 9. exf6 Nxf6 10. Nf3 Bd6 11. 0-0 Qb6 12. Nc3 0-0 13. Be3 Bd7 14. a3 Be8 15. Ng5 Ne7 16. Rc1 Rc8 17. b4 h6 18. Nxe6 Bxh2+ 19. Kxh2 Qxe6 20. Kg1 Bg6 21. Re1 Bxd3 22. Qxd3 Qf5 23. Qe2 Ng6 24. Nb5 Rxc1 25. Bxc1 Re8 26. Be3 Ng4 27. g3 b6 28. Nd6 Qh5 29. Qf3 Rf8 30. Qg2 Nxe3 31. Rxe3 Qd1+ 32. Qf1 Qxd4 33. Qe2 Qf6 34. Re6 Qg5 35. Kh2 d4 36. Re8 Qd5 37. Rxf8+ Nxf8 38. Qc4 Qxc4 39. Nxc4 Kf7 40. Kg2 Ke6 41. Kf3 Kd5 42. Nd2 Ng6 43. Ke2 Ne5 44. f3 Nc4 45. Nb3 Nxa3 0-1

[Event "IECG LM.1999.0.00001 email"]
[Site "IECG email"]
[Date "1999.??.??"]
[Round "?"]
[White "Reid, Andrew V"]
[Black "Hage, Henk H"]
[Result "1/2-1/2"]
[WhiteElo "2200"]
[BlackElo "2217"]
[PlyCount "65"]
[EventDate "1999.07.02"]
[EventType "tourn (corr)"]
[EventRounds "14"]
[SourceTitle "Corr 2008"]
[Source "ChessBase"]
[SourceDate "2008.06.24"]
[SourceVersion "1"]
[SourceVersionDate "2008.06.24"]
[SourceQuality "1"]

1. e4 e6 2. d4 d5 3. Nd2 c5 4. exd5 exd5 5. Ngf3 Nf6 6. Bb5+ Bd7 7. Bxd7+ Nbxd7 8. 0-0 Be7 9. dxc5 Nxc5 10. Nb3 Nce4 11. Nfd4 Qd7 12. Qf3 0-0 13. Nf5 Bd8 14. Be3 Rc8 15. c3 Re8 16. Rfe1 Re5 17. Nbd4 Bb6 18. Re2 g6 19. Ng3 Nxg3 20. Qxg3 Rce8 21. Rae1 Ng4 22. h3 Nxe3 23. Rxe3 Re4 24. Rxe4 dxe4 25. Qe3 f5 26. a3 Re5 27. Rd1 Rd5 28. g3 a6 29. b3 Bc5 30. a4 b5 31. axb5 axb5 32. b4 Bb6 33. Kg2 1/2-1/2

[Event "IECG CM.1999.0.00082"]
[Site "IECG email"]
[Date "1999.??.??"]
[Round "?"]
[White "Reid, Andrew V"]
[Black "Hart, Ralph"]
[Result "1/2-1/2"]
[WhiteElo "2200"]
[BlackElo "2200"]
[PlyCount "56"]
[EventDate "1999.07.02"]
[EventType "tourn (corr)"]
[EventRounds "6"]
[SourceTitle "Corr 2008"]
[Source "ChessBase"]
[SourceDate "2008.06.24"]
[SourceVersion "1"]
[SourceVersionDate "2008.06.24"]
[SourceQuality "1"]

1. e4 e6 2. d4 d5 3. Nd2 Be7 4. Ngf3 Nf6 5. e5 Nfd7 6. Bd3 c5 7. c3 Nc6 8. 0-0 g5 9. b3 cxd4 10. cxd4 Qb6 11. Bb2 h5 12. Bc2 g4 13. Ne1 a5 14. Rc1 Qa7 15. Bb1 Bg5 16. Nc2 h4 17. Bc3 f5 18. exf6 Nxf6 19. Ne3 g3 20. Nf3 gxf2+ 21. Kxf2 Bxe3+ 22. Kxe3 e5 23. Bg6+ Ke7 24. Qe1 Be6 25. Kd2 e4 26. Nxh4 Qa6 27. Qg3 Rxh4 28. Qxh4 Qd3+ 1/2-1/2

[Event "IECG LM.1999.0.00001 email"]
[Site "IECG email"]
[Date "1999.??.??"]
[Round "?"]
[White "Reid, Andrew V"]
[Black "Kharitonov, Aleksandr Alekseevi"]
[Result "1-0"]
[WhiteElo "2200"]
[BlackElo "2145"]
[PlyCount "75"]
[EventDate "1999.07.02"]
[EventType "tourn (corr)"]
[EventRounds "14"]
[SourceTitle "Corr 2008"]
[Source "ChessBase"]
[SourceDate "2008.06.24"]
[SourceVersion "1"]
[SourceVersionDate "2008.06.24"]
[SourceQuality "1"]

1. e4 c5 2. Nf3 e6 3. d4 cxd4 4. Nxd4 Nf6 5. Nc3 d6 6. Be2 a6 7. 0-0 Be7 8. f4 0-0 9. Qe1 Nc6 10. Be3 Nxd4 11. Bxd4 b5 12. Rd1 Bb7 13. Bf3 Ne8 14. e5 Bxf3 15. Rxf3 Rc8 16. exd6 Bxd6 17. Ne4 Rxc2 18. Nxd6 Nxd6 19. Qe5 Ne8 20. Rg3 f6 21. Qxe6+ Rf7 22. Qxa6 Rxb2 23. Rgd3 Re2 24. Bc5 Qc7 25. Qxb5 Qxf4 26. R3d2 Re5 27. Rd5 g6 28. Rxe5 Qxe5 29. a4 Nc7 30. Qc4 Kg7 31. a5 Qh5 32. Re1 Qg5 33. Qd4 Qf5 34. Qd6 Nb5 35. Qb6 Nc3 36. Qc6 Qc2 37. a6 Ne2+ 38. Kh1 1-0

[Event "IECG CM.1999.0.00082"]
[Site "IECG email"]
[Date "1999.??.??"]
[Round "?"]
[White "Stefanov, Plamen"]
[Black "Reid, Andrew V"]
[Result "1-0"]
[WhiteElo "2243"]
[BlackElo "2200"]
[PlyCount "73"]
[EventDate "1999.07.02"]
[EventType "tourn (corr)"]
[EventRounds "6"]
[SourceTitle "Corr 2008"]
[Source "ChessBase"]
[SourceDate "2008.06.24"]
[SourceVersion "1"]
[SourceVersionDate "2008.06.24"]
[SourceQuality "1"]

1. e4 c5 2. Nf3 Nc6 3. Bb5 g6 4. Bxc6 dxc6 5. h3 Bg7 6. d3 Nf6 7. Nc3 Nd7 8. Be3 Qb6 9. Qc1 0-0 10. 0-0 Rd8 11. Bg5 f6 12. Be3 Qc7 13. Nh2 e5 14. f4 b6 15. Ng4 h5 16. Nh2 Ba6 17. Nf3 c4 18. d4 exd4 19. Nxd4 Nf8 20. Qe1 c5 21. Nf3 Re8 22. Qh4 Rad8 23. Rae1 Bb7 24. f5 Qf7 25. fxg6 Qxg6 26. Qf2 Bxe4 27. Nxe4 Rxe4 28. Nh4 Qf7 29. Nf5 Re5 30. Nxg7 Qxg7 31. Qxf6 Qxf6 32. Rxf6 Rde8 33. Kf2 Ne6 34. Bd2 Nd4 35. c3 Rxe1 36. Bxe1 Kg7 37. Rd6 1-0